000 00630cam a22002173a 4500
001 43141
003 PGUSA
005 20140828084000.0
008 130708s2013||||xxu|||||s|||||000 | eng d
040 _aPGUSA
_beng
042 _adc
100 1 _aMeade, L. T.,
_d1854-1914
245 1 0 _aJill :
_ba Flower Girl
_h[electronic resource] /
_cL. T. Meade
260 _bProject Gutenberg,
_c2013
506 _aPublic domain in the USA.
516 _aElectronic text
700 1 _aTownsend, F. H.
_q(Frederick Henry),
_d1868-1920
830 0 _aProject Gutenberg
_v43141
856 4 0 _uhttp://www.gutenberg.org/ebooks/43141
942 _cEB
999 _c272392
_d272392